[Event "Grand Swiss "]
[Date "2025.09.13"]
[White "Yu, Yangyi"]
[Black "Theodorou, Nikolas"]
[WhiteElo "2714"]
[BlackElo "2646"]
[Round "8.8.10"]
[Result "1/2-1/2"]

1. c4 {[%clk 01:40:56] [%emt 00:00:04]} Nf6 {[%clk 01:40:47] [%emt 00:00:13]} 2.
Nc3 {[%clk 01:41:08] [%emt 00:00:18]} g6 {[%clk 01:41:11] [%emt 00:00:06]} 3.
Nf3 {[%clk 01:36:04] [%emt 00:05:35]} Bg7 {[%clk 01:41:26] [%emt 00:00:15]} 4.
g3 {[%clk 01:32:31] [%emt 00:04:03]} O-O {[%clk 01:40:15] [%emt 00:01:40]} 5.
Bg2 {[%clk 01:32:52] [%emt 00:00:09]} d6 {[%clk 01:39:58] [%emt 00:00:47]} 6.
O-O {[%clk 01:33:05] [%emt 00:00:16]} Re8 {[%clk 01:39:01] [%emt 00:01:28]} 7.
d3 {[%clk 01:26:19] [%emt 00:07:17]} a5 {[%clk 01:38:08] [%emt 00:01:23]} 8. Rb1
{[%clk 01:19:39] [%emt 00:07:10]} e5 {[%clk 01:36:35] [%emt 00:02:02]} 9. e4
{[%clk 01:14:12] [%emt 00:05:57]} c6 {[%clk 01:33:29] [%emt 00:03:37]} 10. a3
{[%clk 01:12:55] [%emt 00:01:47]} Na6 {[%clk 01:23:47] [%emt 00:10:11]} 11. b4
{[%clk 01:11:29] [%emt 00:01:55]} axb4 {[%clk 01:24:11] [%emt 00:00:06]} 12.
axb4 {[%clk 01:11:52] [%emt 00:00:07]} Bg4 {[%clk 01:23:53] [%emt 00:00:48]} 13.
h3 {[%clk 00:55:04] [%emt 00:17:18]} Bxf3 {[%clk 01:24:15] [%emt 00:00:07]} 14.
Qxf3 {[%clk 00:55:29] [%emt 00:00:06]} Nc7 {[%clk 01:24:22] [%emt 00:00:23]} 15.
Qe2 {[%clk 00:55:53] [%emt 00:00:06]} Ne6 {[%clk 01:18:15] [%emt 00:06:36]} 16.
Be3 {[%clk 00:54:42] [%emt 00:01:41]} Qe7 {[%clk 01:18:40] [%emt 00:00:06]} 17.
Ra1 {[%clk 00:54:02] [%emt 00:01:10]} Qf8 {[%clk 01:18:28] [%emt 00:00:43]} 18.
Qd2 {[%clk 00:52:13] [%emt 00:02:18]} Rxa1 {[%clk 01:08:25] [%emt 00:10:33]} 19.
Rxa1 {[%clk 00:52:37] [%emt 00:00:06]} Ra8 {[%clk 01:08:51] [%emt 00:00:04]} 20.
Rxa8 {[%clk 00:49:20] [%emt 00:03:48]} Qxa8 {[%clk 01:09:18] [%emt 00:00:02]}
21. Qa2 {[%clk 00:49:38] [%emt 00:00:11]} Qxa2 {[%clk 01:07:05] [%emt 00:02:44]}
22. Nxa2 {[%clk 00:50:02] [%emt 00:00:06]} Kf8 {[%clk 01:04:22] [%emt 00:03:13]}
23. Nc1 {[%clk 00:47:45] [%emt 00:02:47]} Ke7 {[%clk 01:02:01] [%emt 00:02:51]}
24. Nb3 {[%clk 00:47:12] [%emt 00:01:03]} Kd7 {[%clk 01:01:27] [%emt 00:01:04]}
25. h4 {[%clk 00:43:11] [%emt 00:04:31]} Kc7 {[%clk 00:57:03] [%emt 00:04:55]}
26. Bh3 {[%clk 00:41:28] [%emt 00:02:13]} Bf8 {[%clk 00:55:57] [%emt 00:01:36]}
27. Kf1 {[%clk 00:37:27] [%emt 00:04:30]} b6 {[%clk 00:46:36] [%emt 00:09:51]}
28. Ke2 {[%clk 00:26:31] [%emt 00:11:26]} d5 {[%clk 00:26:01] [%emt 00:21:05]}
29. exd5 {[%clk 00:24:20] [%emt 00:02:41]} cxd5 {[%clk 00:26:29] [%emt
00:00:02]} 30. Bxe6 {[%clk 00:21:57] [%emt 00:02:54]} fxe6 {[%clk 00:26:56]
[%emt 00:00:02]} 31. b5 {[%clk 00:21:47] [%emt 00:00:40]} Nd7 {[%clk 00:23:51]
[%emt 00:03:35]} 32. Kd1 {[%clk 00:12:51] [%emt 00:09:26]} Bb4 {[%clk 00:23:27]
[%emt 00:00:54]} 33. Ke2 {[%clk 00:11:09] [%emt 00:02:13]} Kd6 {[%clk 00:22:35]
[%emt 00:01:22]} 34. f3 {[%clk 00:09:02] [%emt 00:02:37]} h5 {[%clk 00:22:34]
[%emt 00:00:30]} 35. Bg5 {[%clk 00:08:46] [%emt 00:00:46]} Ba3 {[%clk 00:17:35]
[%emt 00:05:30]} 36. Bd8 {[%clk 00:07:36] [%emt 00:01:40]} Bb4 {[%clk 00:16:59]
[%emt 00:01:06]} 37. Nd2 {[%clk 00:07:29] [%emt 00:00:36]} Ba3 {[%clk 00:09:04]
[%emt 00:08:25]} 38. g4 {[%clk 00:06:17] [%emt 00:01:42]} Bc1 {[%clk 00:08:35]
[%emt 00:00:58]} 39. Kd1 {[%clk 00:05:05] [%emt 00:01:43]} Bb2 {[%clk 00:04:51]
[%emt 00:04:13]} 40. gxh5 {[%clk 00:02:29] [%emt 00:03:07]} gxh5 {[%clk
00:05:18] [%emt 00:00:03]} 41. Kc2 {[%clk 00:47:34] [%emt 00:05:25]} Bd4 {[%clk
00:53:56] [%emt 00:01:51]} 42. Nf1 {[%clk 00:44:57] [%emt 00:03:07]} Bf2 {[%clk
00:38:38] [%emt 00:15:49]} 43. Kd2 {[%clk 00:36:01] [%emt 00:09:27]} dxc4 {[%clk
00:36:45] [%emt 00:02:23]} 44. dxc4 {[%clk 00:36:27] [%emt 00:00:04]} Kc5 {[%clk
00:36:52] [%emt 00:00:23]} 45. Ke2 {[%clk 00:29:07] [%emt 00:07:50]} Bd4 {[%clk
00:36:21] [%emt 00:01:01]} 46. Ng3 {[%clk 00:25:59] [%emt 00:03:39]} Kxc4 {[%clk
00:36:30] [%emt 00:00:21]} 47. Nxh5 {[%clk 00:26:25] [%emt 00:00:03]} e4 {[%clk
00:28:37] [%emt 00:08:24]} 48. fxe4 {[%clk 00:25:53] [%emt 00:01:02]} Kxb5
{[%clk 00:28:29] [%emt 00:00:37]} 49. Nf4 {[%clk 00:26:04] [%emt 00:00:19]} Nc5
{[%clk 00:27:28] [%emt 00:01:31]} 50. h5 {[%clk 00:24:21] [%emt 00:02:12]} Nxe4
{[%clk 00:22:51] [%emt 00:05:07]} 51. h6 {[%clk 00:21:23] [%emt 00:03:28]} Nd6
{[%clk 00:17:39] [%emt 00:05:42]} 52. Nxe6 {[%clk 00:11:59] [%emt 00:09:55]} Bh8
{[%clk 00:16:21] [%emt 00:01:47]} 53. Ng5 {[%clk 00:11:38] [%emt 00:00:51]} Kc6
{[%clk 00:14:13] [%emt 00:02:38]} 54. Kd3 {[%clk 00:11:20] [%emt 00:00:49]} Kd7
{[%clk 00:12:18] [%emt 00:02:24]} 55. Bxb6 {[%clk 00:11:40] [%emt 00:00:11]} Ke7
{[%clk 00:12:31] [%emt 00:00:16]} 56. Bc5 {[%clk 00:09:34] [%emt 00:02:36]} Kf6
{[%clk 00:12:45] [%emt 00:00:16]} 57. Nh7+ {[%clk 00:09:47] [%emt 00:00:18]} Kg6
{[%clk 00:11:41] [%emt 00:01:34]} 58. Nf8+ {[%clk 00:10:15] [%emt 00:00:01]}
Kxh6 {[%clk 00:12:03] [%emt 00:00:08]} 59. Bxd6 {[%clk 00:10:43] [%emt
00:00:02]} Bb2 {[%clk 00:10:17] [%emt 00:02:16]} 60. Ke4 {[%clk 00:11:08] [%emt
00:00:05]} Kg7 {[%clk 00:10:37] [%emt 00:00:10]} 61. Kf5 {[%clk 00:11:31] [%emt
00:00:08]} Kf7 {[%clk 00:10:44] [%emt 00:00:22]} 62. Ne6 {[%clk 00:11:42] [%emt
00:00:19]} Ke8 {[%clk 00:10:53] [%emt 00:00:22]} 63. Ke4 {[%clk 00:08:35] [%emt
00:03:37]} Kf7 {[%clk 00:10:27] [%emt 00:00:55]} 64. Kf5 {[%clk 00:08:15] [%emt
00:00:51]} Ke8 {[%clk 00:10:50] [%emt 00:00:06]} 65. Nf8 {[%clk 00:08:33] [%emt
00:00:11]} Bg7 {[%clk 00:10:58] [%emt 00:00:22]} 66. Ng6 {[%clk 00:08:28] [%emt
00:00:36]} Kd7 {[%clk 00:11:19] [%emt 00:00:09]} 67. Ba3 {[%clk 00:08:55] [%emt
00:00:04]} Bc3 {[%clk 00:10:56] [%emt 00:00:53]} 68. Ke4 {[%clk 00:09:08] [%emt
00:00:16]} Kc6 {[%clk 00:10:30] [%emt 00:00:56]} 69. Kd3 {[%clk 00:09:04] [%emt
00:00:35]} Bf6 {[%clk 00:10:20] [%emt 00:00:39]} 70. Kc4 {[%clk 00:09:32] [%emt
00:00:02]} Bg5 {[%clk 00:08:06] [%emt 00:02:44]} 71. Ne5+ {[%clk 00:07:02] [%emt
00:03:00]} Kb7 {[%clk 00:08:34] [%emt 00:00:02]} 72. Kd5 {[%clk 00:06:43] [%emt
00:00:49]} Bf4 {[%clk 00:08:35] [%emt 00:00:29]} 73. Nd3 {[%clk 00:06:26] [%emt
00:00:47]} Be3 {[%clk 00:08:30] [%emt 00:00:34]} 74. Bd6 {[%clk 00:06:48] [%emt
00:00:09]} Bb6 {[%clk 00:08:36] [%emt 00:00:24]} 75. Nb4 {[%clk 00:07:02] [%emt
00:00:17]} Bc7 {[%clk 00:08:52] [%emt 00:00:13]} 76. Bc5 {[%clk 00:07:23] [%emt
00:00:10]} Bb6 {[%clk 00:09:16] [%emt 00:00:05]} 77. Be7 {[%clk 00:07:49] [%emt
00:00:04]} Bc7 {[%clk 00:09:31] [%emt 00:00:15]} 78. Kc5 {[%clk 00:08:14] [%emt
00:00:05]} Bg3 {[%clk 00:09:44] [%emt 00:00:17]} 79. Nd5 {[%clk 00:08:33] [%emt
00:00:11]} Bh2 {[%clk 00:09:54] [%emt 00:00:19]} 80. Kb5 {[%clk 00:08:51] [%emt
00:00:14]} Bg3 {[%clk 00:09:59] [%emt 00:00:24]} 81. Bc5 {[%clk 00:09:05] [%emt
00:00:16]} Bh2 {[%clk 00:10:08] [%emt 00:00:20]} 82. Bb6 {[%clk 00:09:15] [%emt
00:00:21]} Bg3 {[%clk 00:10:15] [%emt 00:00:23]} 83. Nb4 {[%clk 00:08:24] [%emt
00:01:22]} Bc7 {[%clk 00:10:38] [%emt 00:00:06]} 84. Bc5 {[%clk 00:08:50] [%emt
00:00:04]} Bg3 {[%clk 00:10:53] [%emt 00:00:14]} 85. Na6 {[%clk 00:08:08] [%emt
00:01:12]} Bc7 {[%clk 00:10:43] [%emt 00:00:40]} 86. Be7 {[%clk 00:08:15] [%emt
00:00:23]} Bb6 {[%clk 00:10:46] [%emt 00:00:28]} 87. Bd6 {[%clk 00:08:39] [%emt
00:00:05]} Ba7 {[%clk 00:10:51] [%emt 00:00:25]} 88. Be5 {[%clk 00:08:45] [%emt
00:00:24]} Bb6 {[%clk 00:11:06] [%emt 00:00:14]} 89. Nb4 {[%clk 00:09:07] [%emt
00:00:08]} Bc7 {[%clk 00:11:25] [%emt 00:00:11]} 90. Bd4 {[%clk 00:09:36] [%emt
00:00:02]} Bg3 {[%clk 00:11:38] [%emt 00:00:17]} 91. Nd5 {[%clk 00:10:01] [%emt
00:00:04]} Bd6 {[%clk 00:11:57] [%emt 00:00:11]} 92. Nf6 {[%clk 00:10:24] [%emt
00:00:08]} Bh2 {[%clk 00:11:31] [%emt 00:00:56]} 93. Ne8 {[%clk 00:09:58] [%emt
00:00:56]} Bg3 {[%clk 00:11:34] [%emt 00:00:26]} 94. Ng7 {[%clk 00:10:05] [%emt
00:00:23]} Bh2 {[%clk 00:11:44] [%emt 00:00:20]} 95. Ne6 {[%clk 00:10:31] [%emt
00:00:04]} Bd6 {[%clk 00:10:48] [%emt 00:01:26]} 96. Bb6 {[%clk 00:10:51] [%emt
00:00:10]} Be7 {[%clk 00:11:12] [%emt 00:00:05]} 97. Ba5 {[%clk 00:11:11] [%emt
00:00:10]} Bd6 {[%clk 00:11:25] [%emt 00:00:17]} 98. Bd8 {[%clk 00:11:14] [%emt
00:00:27]} Bh2 {[%clk 00:10:29] [%emt 00:01:26]} 99. Bb6 {[%clk 00:10:44] [%emt
00:01:01]} Bd6 {[%clk 00:10:41] [%emt 00:00:17]} 100. Ba5 {[%clk 00:11:09] [%emt
00:00:06]} Be7 {[%clk 00:10:28] [%emt 00:00:42]} 101. Bc7 {[%clk 00:11:35] [%emt
00:00:05]} Ba3 {[%clk 00:10:28] [%emt 00:00:30]} 102. Bb6 {[%clk 00:11:03] [%emt
00:01:02]} Bd6 {[%clk 00:10:47] [%emt 00:00:12]} 103. Nd8+ {[%clk 00:11:28]
[%emt 00:00:05]} Kc8 {[%clk 00:11:11] [%emt 00:00:06]} 104. Kc6 {[%clk 00:11:53]
[%emt 00:00:06]} Bc7 {[%clk 00:11:19] [%emt 00:00:22]} 105. Bxc7 {[%clk
00:12:18] [%emt 00:00:05]} 1/2-1/2

[Site "Europe Echecs"]

[Event "Grand Swiss "]
[Date "2025.09.13"]
[White "Erdogmus, Yagiz Kaan"]
[Black "Aronian, Levon"]
[WhiteElo "2646"]
[BlackElo "2744"]
[Round "8.8.11"]
[Result "1-0"]

1. e4 {[%clk 01:40:59]} e6 {[%clk 01:40:54] [%emt 00:00:06]} 2. d4 {[%clk
01:41:25] [%emt 00:00:04]} d5 {[%clk 01:41:18] [%emt 00:00:06]} 3. Nc3 {[%clk
01:41:52] [%emt 00:00:04]} Bb4 {[%clk 01:41:32] [%emt 00:00:15]} 4. e5 {[%clk
01:40:37] [%emt 00:01:45]} c5 {[%clk 01:41:57] [%emt 00:00:05]} 5. Bd2 {[%clk
01:35:40] [%emt 00:05:28]} Ne7 {[%clk 01:41:52] [%emt 00:00:34]} 6. a3 {[%clk
01:29:27] [%emt 00:06:44]} Bxc3 {[%clk 01:41:52] [%emt 00:00:29]} 7. Bxc3 {[%clk
01:29:51] [%emt 00:00:05]} b6 {[%clk 01:42:16] [%emt 00:00:07]} 8. h4 {[%clk
01:12:35] [%emt 00:17:46]} Ba6 {[%clk 01:39:10] [%emt 00:03:36]} 9. Bxa6 {[%clk
01:10:59] [%emt 00:02:05]} Nxa6 {[%clk 01:38:30] [%emt 00:01:10]} 10. h5 {[%clk
01:11:24] [%emt 00:00:05]} h6 {[%clk 01:38:53] [%emt 00:00:07]} 11. Nf3 {[%clk
01:08:36] [%emt 00:03:18]} Rc8 {[%clk 01:37:12] [%emt 00:02:10]} 12. Qe2 {[%clk
01:00:31] [%emt 00:08:36]} Nb8 {[%clk 01:35:55] [%emt 00:01:46]} 13. g4 {[%clk
00:59:29] [%emt 00:01:32]} Qd7 {[%clk 01:34:12] [%emt 00:02:13]} 14. Bd2 {[%clk
00:41:20] [%emt 00:18:39]} cxd4 {[%clk 01:29:08] [%emt 00:05:34]} 15. Bb4 {[%clk
00:36:40] [%emt 00:05:10]} Rc4 {[%clk 01:26:41] [%emt 00:02:57]} 16. Rg1 {[%clk
00:24:34] [%emt 00:12:37]} Na6 {[%clk 01:09:29] [%emt 00:17:41]} 17. b3 {[%clk
00:17:01] [%emt 00:08:04]} d3 {[%clk 01:09:53] [%emt 00:00:05]} 18. cxd3 {[%clk
00:17:26] [%emt 00:00:05]} Rc8 {[%clk 01:10:19] [%emt 00:00:04]} 19. Bd6 {[%clk
00:15:33] [%emt 00:02:23]} Nc5 {[%clk 01:10:35] [%emt 00:00:14]} 20. b4 {[%clk
00:14:22] [%emt 00:01:43]} Na4 {[%clk 01:10:59] [%emt 00:00:05]} 21. Qd2 {[%clk
00:10:20] [%emt 00:04:32]} f6 {[%clk 01:05:47] [%emt 00:05:42]} 22. Nh4 {[%clk
00:07:23] [%emt 00:03:27]} O-O {[%clk 00:54:32] [%emt 00:11:45]} 23. Bxe7 {[%clk
00:06:26] [%emt 00:01:28]} Qxe7 {[%clk 00:54:57] [%emt 00:00:04]} 24. Ng6 {[%clk
00:06:52] [%emt 00:00:04]} Qc7 {[%clk 00:55:22] [%emt 00:00:05]} 25. Kf1 {[%clk
00:06:22] [%emt 00:01:00]} Rf7 {[%clk 00:55:06] [%emt 00:00:46]} 26. Re1 {[%clk
00:04:33] [%emt 00:02:19]} Qc2 {[%clk 00:51:49] [%emt 00:03:47]} 27. Re2 {[%clk
00:01:15] [%emt 00:03:48]} Qxd2 {[%clk 00:51:01] [%emt 00:01:18]} 28. Rxd2
{[%clk 00:01:44] [%emt 00:00:01]} Rc3 {[%clk 00:51:21] [%emt 00:00:09]} 29. Kg2
{[%clk 00:01:34] [%emt 00:00:41]} Rxa3 {[%clk 00:51:27] [%emt 00:00:24]} 30. Re1
{[%clk 00:00:37] [%emt 00:01:27]} Nc3 {[%clk 00:51:29] [%emt 00:00:28]} 31. Rc2
{[%clk 00:00:34] [%emt 00:00:33]} d4 {[%clk 00:49:48] [%emt 00:02:11]} 32. exf6
{[%clk 00:00:37] [%emt 00:00:28]} Rxf6 {[%clk 00:50:13] [%emt 00:00:05]} 33. Re4
{[%clk 00:01:05] [%emt 00:00:02]} e5 {[%clk 00:45:21] [%emt 00:05:23]} 34. Rxe5
{[%clk 00:01:30] [%emt 00:00:04]} a5 {[%clk 00:45:48] [%emt 00:00:03]} 35. Re8+
{[%clk 00:00:42] [%emt 00:01:18]} Kf7 {[%clk 00:46:17] [%emt 00:00:01]} 36. Re7+
{[%clk 00:01:05] [%emt 00:00:07]} Kg8 {[%clk 00:46:46]} 37. bxa5 {[%clk
00:00:46] [%emt 00:00:50]} Rxa5 {[%clk 00:47:13] [%emt 00:00:03]} 38. Re8+
{[%clk 00:01:01] [%emt 00:00:16]} Kf7 {[%clk 00:47:42]} 39. Re7+ {[%clk
00:01:24] [%emt 00:00:07]} Kg8 {[%clk 00:48:08] [%emt 00:00:03]} 40. Rd7 {[%clk
00:00:40] [%emt 00:01:14]} b5 {[%clk 00:40:50] [%emt 00:07:47]} 41. Rxd4 {[%clk
00:43:13] [%emt 00:07:57]} Ra3 {[%clk 01:31:15] [%emt 00:00:05]} 42. Rc1 {[%clk
00:32:48] [%emt 00:10:56]} Kh7 {[%clk 01:28:04] [%emt 00:03:41]} 43. Rd8 {[%clk
00:33:07] [%emt 00:00:11]} Rxg6 {[%clk 01:28:29] [%emt 00:00:05]} 44. hxg6+
{[%clk 00:33:34] [%emt 00:00:03]} Kxg6 {[%clk 01:28:55] [%emt 00:00:04]} 45. Re1
{[%clk 00:26:00] [%emt 00:08:04]} Ra7 {[%clk 01:26:55] [%emt 00:02:30]} 46. Re6+
{[%clk 00:23:36] [%emt 00:02:53]} Kf7 {[%clk 01:27:13] [%emt 00:00:13]} 47. Rb6
{[%clk 00:23:31] [%emt 00:00:35]} Rc7 {[%clk 01:24:36] [%emt 00:03:07]} 48. Kf1
{[%clk 00:21:18] [%emt 00:02:42]} g6 {[%clk 01:23:23] [%emt 00:01:44]} 49. Rdd6
{[%clk 00:20:25] [%emt 00:01:23]} 1-0

[Site "Europe Echecs"]

[Event "Grand Swiss "]
[Date "2025.09.13"]
[White "Rodshtein, Maxim"]
[Black "Vachier-Lagrave, Maxime"]
[WhiteElo "2645"]
[BlackElo "2738"]
[Round "8.8.12"]
[Result "0-1"]

1. d4 {[%clk 01:40:56] [%emt 00:00:03]} Nf6 {[%clk 01:40:58] [%emt 00:00:03]} 2.
c4 {[%clk 01:41:08] [%emt 00:00:18]} g6 {[%clk 01:41:25] [%emt 00:00:03]} 3. f3
{[%clk 01:40:53] [%emt 00:00:45]} c5 {[%clk 01:38:12] [%emt 00:03:43]} 4. d5
{[%clk 01:41:09] [%emt 00:00:14]} d6 {[%clk 01:38:38] [%emt 00:00:04]} 5. e4
{[%clk 01:41:27] [%emt 00:00:12]} e6 {[%clk 01:38:53] [%emt 00:00:15]} 6. Nc3
{[%clk 01:41:19] [%emt 00:00:36]} Bg7 {[%clk 01:38:59] [%emt 00:00:25]} 7. Bg5
{[%clk 01:40:26] [%emt 00:01:23]} O-O {[%clk 01:38:36] [%emt 00:00:53]} 8. Qd2
{[%clk 01:40:13] [%emt 00:00:43]} exd5 {[%clk 01:38:57] [%emt 00:00:10]} 9. cxd5
{[%clk 01:40:12] [%emt 00:00:30]} a6 {[%clk 01:38:43] [%emt 00:00:44]} 10. a4
{[%clk 01:35:07] [%emt 00:05:35]} h6 {[%clk 01:38:43] [%emt 00:00:30]} 11. Be3
{[%clk 01:35:19] [%emt 00:00:17]} h5 {[%clk 01:36:50] [%emt 00:02:23]} 12. Bh6
{[%clk 01:15:15] [%emt 00:20:34]} Bxh6 {[%clk 01:30:48] [%emt 00:06:33]} 13.
Qxh6 {[%clk 01:15:39] [%emt 00:00:06]} Re8 {[%clk 01:31:15] [%emt 00:00:02]} 14.
Be2 {[%clk 01:09:08] [%emt 00:07:01]} Nh7 {[%clk 01:27:37] [%emt 00:04:07]} 15.
a5 {[%clk 00:51:36] [%emt 00:18:03]} b5 {[%clk 01:24:45] [%emt 00:03:22]} 16.
axb6 {[%clk 00:51:59] [%emt 00:00:08]} Qxb6 {[%clk 01:25:11] [%emt 00:00:04]}
17. Nd1 {[%clk 00:48:21] [%emt 00:04:07]} Ra7 {[%clk 01:21:20] [%emt 00:04:22]}
18. h4 {[%clk 00:44:08] [%emt 00:04:43]} Rae7 {[%clk 01:16:49] [%emt 00:05:00]}
19. Kf1 {[%clk 00:43:30] [%emt 00:01:07]} Qb4 {[%clk 01:09:37] [%emt 00:07:42]}
20. Nh3 {[%clk 00:32:53] [%emt 00:11:07]} Nd7 {[%clk 01:04:15] [%emt 00:05:53]}
21. Rc1 {[%clk 00:14:58] [%emt 00:18:25]} Ne5 {[%clk 01:01:40] [%emt 00:03:04]}
22. Nhf2 {[%clk 00:14:28] [%emt 00:01:01]} f5 {[%clk 00:54:22] [%emt 00:07:49]}
23. Rc3 {[%clk 00:11:52] [%emt 00:03:06]} Rg7 {[%clk 00:51:26] [%emt 00:03:26]}
24. Qc1 {[%clk 00:08:33] [%emt 00:03:48]} Nf6 {[%clk 00:51:04] [%emt 00:00:52]}
25. exf5 {[%clk 00:05:53] [%emt 00:03:10]} gxf5 {[%clk 00:49:24] [%emt
00:02:10]} 26. Ne3 {[%clk 00:05:48] [%emt 00:00:36]} Qf4 {[%clk 00:48:10] [%emt
00:01:43]} 27. Nh3 {[%clk 00:03:52] [%emt 00:02:26]} Qxh4 {[%clk 00:47:52] [%emt
00:00:48]} 28. Qe1 {[%clk 00:03:30] [%emt 00:00:53]} Qb4 {[%clk 00:43:42] [%emt
00:04:40]} 29. Qc1 {[%clk 00:03:04] [%emt 00:00:56]} Bd7 {[%clk 00:41:24] [%emt
00:02:47]} 30. Bxa6 {[%clk 00:00:58] [%emt 00:02:36]} Qh4 {[%clk 00:30:43] [%emt
00:11:10]} 31. Qe1 {[%clk 00:00:34] [%emt 00:00:54]} Qb4 {[%clk 00:30:14] [%emt
00:00:59]} 32. Qd2 {[%clk 00:00:33] [%emt 00:00:31]} Qd4 {[%clk 00:29:25] [%emt
00:01:19]} 33. Qc1 {[%clk 00:01:01] [%emt 00:00:02]} h4 {[%clk 00:26:14] [%emt
00:03:42]} 34. Nc2 {[%clk 00:00:41] [%emt 00:00:50]} Qa4 {[%clk 00:26:41] [%emt
00:00:03]} 35. Ra3 {[%clk 00:00:41] [%emt 00:00:30]} Bb5+ {[%clk 00:27:08] [%emt
00:00:03]} 36. Kg1 {[%clk 00:00:52] [%emt 00:00:18]} Qxa6 {[%clk 00:26:22] [%emt
00:01:16]} 37. Rxa6 {[%clk 00:01:07] [%emt 00:00:15]} Nxf3+ {[%clk 00:26:49]
[%emt 00:00:03]} 38. Kf2 {[%clk 00:01:32] [%emt 00:00:05]} Re2+ {[%clk 00:27:12]
[%emt 00:00:07]} 39. Kxf3 {[%clk 00:01:33] [%emt 00:00:29]} Rg3+ {[%clk
00:27:38] [%emt 00:00:03]} 40. Kf4 {[%clk 00:01:59] [%emt 00:00:05]} Nh5+ {[%clk
00:28:01] [%emt 00:00:07]} 41. Kxf5 {[%clk 00:02:24] [%emt 00:00:05]} Bd7#
{[%emt 00:00:03]} 0-1

[Site "Europe Echecs"]